000 01111nam a22003377a 4500
001 0074
003 DO-SdBNP
005 20180208105708.0
007 0074
008 151105b sp 1984 xxu ||||| |||| 00| 0 spa d
020 _a8475251811
040 _aBPMSU
_bspa
_cBPMSU
041 1 7 _aspa
_hfre
092 _axxxxxxxx
_bxxxxxxxx
100 1 _aGrandville, J. J.,
_d1803-1847
245 1 0 _aVida privada y pública de los animales /
_cJ.J. Grandville ; traducción, José María González Ruiz ; revisión, apéndices y notas, M.I. Villarino y Emilio Pascual ; ilustración, J.J. Grandville.
260 _aMadrid :
_bAnaya,
_c1984.
300 _a351 p. :
_bil. ;
_c20 cm.
490 1 _aTus libros
490 1 _aSatíricos
_v49
504 _aIncluye referencias bibliográficas y notas al pie de las páginas
650 _aFABULAS FRANCESAS
700 1 2 _aGonzález-Ruiz, José María,
_etr.
700 1 2 _aVillarino, M.I.
700 1 2 _aPascual, Emilio
830 0 _aTus libros
830 0 _aSatíricos
_n49
942 _2ddc
_cBK
945 _aInventariado, 2018 /LP
956 _aBrenda Tavárez
_b10
999 _c8585
_d8585